000 00928nam a22002897a 4500
001 7821
003 FISKH
005 20250811125642.0
008 250811b cb ||||| |||| 00| 0 eng d
040 _aFISKH
_beng
_cFISKH
_dFISKH
050 _aPZ7.S611162 S
082 _a398.2
100 _aSims, Lesley
245 _aThe snow queen /
_cHans Christian Andersen ; Retold by Lesley Sims ; Illustrated by Alan Marks
250 _aThis edition first published in 2004
260 _aLondon :
_bUsborne,
_c2004
300 _a63 pages :
_bcolor illustrations ;
_c20 cm
505 _aP
520 _aWhen the Snow Queen abducts her friend Kay, Gerda sets out on a perilous and magical journey to find him.
521 8 _a640
_bLexile
521 8 _aP
_bRaz-Plus
650 _2Usborne
_aClassic
650 _2Fairy tale
_aLeveled Readers
700 _aMarks, Alan
_dillustrator
942 _2ddc
_cBK
_n0
999 _c7821
_d7821